000 01204nam a2200277Ia 4500
003 GCL
008 140319s9999 xx 000 0 ara d
040 _aGCL /
_cGCL
082 0 4 _a362.4
_bح د
100 1 _aحنان فتحى الشيخ
245 1 0 _aدراسة فى التقييم الدينامى والتقليدى باستخدام نظرية (PASS ) للذكاء لتقدير اداء عينة من ذوى الاحتياجات الخاصة ذوىالسلوك الاندفاعى /
_cحنان فتحى الشيخ
260 _aالقاهرة :
_bايتراك للنشر والتوزيع ،
_c2004
300 _a321 ص ؛
_c24 سم
490 _aسلسلة علم النفس المعرفى
_v0
650 0 4 _aالاضطرابات النفسية
650 0 4 _aعلم النفس العلاجى
650 0 4 _aالذكاء
650 0 4 _aالتخلف العقلى
650 0 4 _aضعاف العقول
650 0 4 _aالمعوقون
650 0 4 _aالتخلف العقلى - الجوانب الاجتماعية
650 0 4 _aالمعوقون - علم نفس
650 0 4 _aالتخلف العقلى - اختيارات
650 0 4 _aالتخلف العقلى - البحوث
942 _2ddc
_cBK
999 _c6140
_d6140